000 003200000a22001450004500
003 MACL
040 _aMACL
090 _c32391
_d32389
100 _aPunjabi, Ms Namrata
245 _a5100 Objective type Chemistry
260 _bIIms Publications
_c2003
350 _a250
650 _aChemistry
942 _cBOOK
_k540/pun
999 _c32061
_d32061